[Event "Jugend WM U20w"]
[Site "Istanbul"]
[Date "2005.11.10"]
[Round "2.27"]
[White "Gutierrez Castillo, Paloma"]
[Black "Pavlogianni, Despina"]
[Result "1-0"]
[WhiteElo "2127"]
[BlackElo "1989"]
[PlyCount "80"]
[EventDate "2005.11.??"]
[EventType "swiss"]
[EventRounds "13"]
[EventCountry "TUR"]
[Source "Reinhold Goldau"]
[SourceDate "2000.03.01"]

1. e4 c5 2. Nf3 Nc6 3. Bb5 g6 4. Bxc6 bxc6 5. c4 Bg7 6. Nc3 d6 7. O-O e5 8. d3
Ne7 9. a3 a5 10. Rb1 O-O 11. b4 axb4 12. axb4 cxb4 13. Rxb4 Bg4 14. h3 Bxf3 15.
Qxf3 Qa5 16. Rb7 Ra7 17. Rb3 Rfa8 18. Be3 Rd7 19. Rfb1 Qd8 20. Bg5 Qc8 21. Rb4
h6 22. Be3 Qf8 23. Na4 Rdd8 24. Nb6 Ra6 25. Qd1 f5 26. f3 d5 27. exd5 cxd5 28.
Bc5 dxc4 29. Qc1 Kh7 30. Qxc4 Ra7 31. Nd5 Rad7 32. Bxe7 Rxe7 33. Nxe7 Qxe7 34.
Rb7 Qd6 35. Qf7 Qd4+ 36. Kh1 Rg8 37. R1b6 Qa1+ 38. Kh2 Qc1 39. Qxg6+ Kh8 40.
Qxf5 Qe1 1-0

[Event "Jugend WM U20w"]
[Site "Istanbul"]
[Date "2005.11.10"]
[Round "2.28"]
[White "Topel, Zehra"]
[Black "Mezioud, Amina"]
[Result "1-0"]
[WhiteElo "2105"]
[BlackElo "1978"]
[PlyCount "93"]
[EventDate "2005.11.??"]
[EventType "swiss"]
[EventRounds "13"]
[EventCountry "TUR"]
[Source "Reinhold Goldau"]
[SourceDate "2000.03.01"]

1. c4 e5 2. Nc3 Nf6 3. Nf3 d6 4. d4 Nbd7 5. e4 exd4 6. Nxd4 Nc5 7. f3 c6 8. Be3
g6 9. Be2 Bg7 10. O-O O-O 11. Qd2 Qe7 12. Rfd1 Ne8 13. Rac1 a5 14. b3 Nc7 15.
Bf1 Bf6 16. Nce2 Rd8 17. Rc2 Bd7 18. Nf4 Be8 19. Qf2 Be5 20. Rcd2 Rab8 21. Nd3
b6 22. Ne2 N7e6 23. g3 Bg7 24. Bh3 Ng5 25. Bg2 Nge6 26. Ndf4 Bf6 27. Nxe6 fxe6
28. Bh3 Bf7 29. Nd4 Qe8 30. Bg2 Bxd4 31. Bxd4 e5 32. Be3 Qe7 33. h4 Qc7 34. Bh3
Be6 35. Bxc5 Bxh3 36. Bxd6 Qf7 37. Bxb8 Rxb8 38. Rd8+ Rxd8 39. Rxd8+ Kg7 40.
Kh2 Bg4 41. Kg2 Bd7 42. Qd2 Be6 43. Qd6 Qf6 44. Kf2 b5 45. cxb5 cxb5 46. Re8
Bf7 47. Qf8# 1-0

[Event "Jugend WM U20w"]
[Site "Istanbul"]
[Date "2005.11.10"]
[Round "2.31"]
[White "Almer, Julia"]
[Black "Plazaola, Maria De Los Angele"]
[Result "0-1"]
[WhiteElo "1943"]
[BlackElo "2087"]
[PlyCount "79"]
[EventDate "2005.11.??"]
[EventType "swiss"]
[EventRounds "13"]
[EventCountry "TUR"]
[Source "Reinhold Goldau"]
[SourceDate "2000.03.01"]

1. e4 c5 2. Nf3 Nc6 3. d4 cxd4 4. Nxd4 e5 5. Nb5 d6 6. N1c3 a6 7. Na3 Be6 8.
Nc4 Rc8 9. Be3 b5 10. Nb6 Rb8 11. Ncd5 Nf6 12. f3 Nd7 13. Nxd7 Qxd7 14. Be2 Be7
15. O-O O-O 16. f4 f5 17. exf5 Bxf5 18. Nxe7+ Nxe7 19. fxe5 dxe5 20. Qxd7 Bxd7
21. Rxf8+ Rxf8 22. Bc5 Re8 23. Bf3 Bf5 24. c3 e4 25. Be2 Ng6 26. Bh5 Rc8 27.
Bxg6 Bxg6 28. Bd4 Be8 29. Kf2 Bc6 30. Ke3 Rf8 31. Bc5 Rf5 32. b4 Kf7 33. a3 Ke6
34. Rd1 Bd5 35. Bd4 g6 36. Bc5 Rh5 37. h3 Rg5 38. Rd2 Rg3+ 39. Kd4 g5 40. Re2
0-1

[Event "Jugend WM U20w"]
[Site "Istanbul"]
[Date "2005.11.10"]
[Round "2.32"]
[White "Xu, Ruoyin"]
[Black "Frank Nielsen, Marie"]
[Result "1/2-1/2"]
[WhiteElo "2079"]
[BlackElo "1919"]
[PlyCount "64"]
[EventDate "2005.11.??"]
[EventType "swiss"]
[EventRounds "13"]
[EventCountry "TUR"]
[Source "Reinhold Goldau"]
[SourceDate "2000.03.01"]

1. d4 d5 2. Nf3 Nf6 3. Bg5 e6 4. e3 Be7 5. Bd3 Nbd7 6. Nbd2 c5 7. c3 a6 8. a4
b6 9. O-O Bb7 10. Ne5 Nxe5 11. dxe5 Nd7 12. Bxe7 Qxe7 13. f4 O-O-O 14. c4 f6
15. Qe2 a5 16. exf6 gxf6 17. cxd5 exd5 18. Ba6 Rde8 19. Bxb7+ Kxb7 20. Rfe1
Rhg8 21. Qf3 Qe6 22. Rad1 f5 23. Nb1 Nf6 24. Nc3 Rd8 25. Rd3 Rd7 26. Red1 Rgd8
27. R3d2 Qc6 28. Qe2 Re8 29. Qd3 Qe6 30. Re2 Red8 31. Rde1 Rg8 32. Rd1 Rgd8
1/2-1/2

[Event "Jugend WM U20w"]
[Site "Istanbul"]
[Date "2005.11.10"]
[Round "2.33"]
[White "Reppen, Ellisiv"]
[Black "Alimova, Maral"]
[Result "1/2-1/2"]
[WhiteElo "1850"]
[BlackElo "2053"]
[PlyCount "119"]
[EventDate "2005.11.??"]
[EventType "swiss"]
[EventRounds "13"]
[EventCountry "TUR"]
[Source "Reinhold Goldau"]
[SourceDate "2000.03.01"]

1. e4 d6 2. d4 Nf6 3. Nc3 g6 4. Nf3 Bg7 5. Bd3 O-O 6. h3 Nbd7 7. Be3 e5 8. dxe5
dxe5 9. Qd2 c6 10. O-O Qe7 11. Bh6 Rd8 12. Bxg7 Kxg7 13. Rad1 b5 14. a3 a5 15.
Qg5 h6 16. Qe3 Nh5 17. Ne2 Nc5 18. Nh2 g5 19. Qf3 Nf4 20. Nxf4 gxf4 21. Kh1 Kh7
22. Qh5 Rg8 23. Nf3 f6 24. Rg1 Be6 25. Nh4 Rg5 26. Qe2 Rag8 27. Nf3 R5g7 28.
Qd2 Qd7 29. Kh2 Qa7 30. b4 axb4 31. axb4 Na4 32. g3 fxg3+ 33. Rxg3 Rxg3 34.
fxg3 Qg7 35. Qg2 Qe7 36. Qd2 Qa7 37. Rf1 Qg7 38. Qg2 Nc3 39. Nh4 Qe7 40. Qd2
Na4 41. Nf5 Bxf5 42. Rxf5 Rg6 43. Be2 Rg5 44. Rxg5 fxg5 45. Bg4 Nb6 46. Qf2 Nc4
47. Qf5+ Kg7 48. Qd7 Qxd7 49. Bxd7 Ne3 50. Bxc6 Nxc2 51. Bxb5 Nxb4 52. Kg2 Nc2
53. Kf2 Kf6 54. Bd7 h5 55. Be8 h4 56. gxh4 gxh4 57. Kf3 Kg5 58. Bd7 Nd4+ 59.
Ke3 Kf6 60. Bg4 1/2-1/2

[Event "Jugend WM U20w"]
[Site "Istanbul"]
[Date "2005.11.11"]
[Round "3.1"]
[White "Mongontuul, Bathuyag"]
[Black "Motoc, Alina"]
[Result "0-1"]
[WhiteElo "2408"]
[BlackElo "2313"]
[PlyCount "98"]
[EventDate "2005.11.??"]
[EventType "swiss"]
[EventRounds "13"]
[EventCountry "TUR"]
[Source "Reinhold Goldau"]
[SourceDate "2000.03.01"]

1. e4 c5 2. Nf3 d6 3. d4 Nf6 4. Nc3 cxd4 5. Nxd4 a6 6. Be3 e5 7. Nb3 Be6 8. Qd2
Be7 9. O-O-O O-O 10. f4 Ng4 11. g3 Nd7 12. Bg1 b5 13. h3 Ngf6 14. Bg2 Rc8 15.
Kb1 Qc7 16. f5 Bc4 17. Be3 a5 18. Nd5 Nxd5 19. exd5 b4 20. g4 a4 21. Nc1 e4 22.
Qxb4 Bxd5 23. Bxe4 Rb8 24. Qxa4 Qb7 25. Qb3 Bxe4 26. Qxb7 Rxb7 27. Rhe1 d5 28.
Bd4 Rc8 29. Nd3 Bh4 30. Re3 Rbc7 31. c3 Bg5 32. Rg3 Nc5 33. Bxc5 Rxc5 34. Ka1
Rb5 35. Nf2 Bc2 36. Re1 Rcb8 37. Rf1 Re8 38. Nd3 Re2 39. Nb4 Be4 40. Rgg1 Bh4
41. g5 Bf2 42. Rg4 Rxb4 43. cxb4 Bd4 44. a4 Rxb2 45. Rxe4 dxe4 46. Rc1 Rxb4+
47. Ka2 Rxa4+ 48. Kb3 Ra8 49. Rc4 Rd8 0-1

[Event "Jugend WM U20w"]
[Site "Istanbul"]
[Date "2005.11.11"]
[Round "3.3"]
[White "Khotenashvili, Bela"]
[Black "Tania, Sachdev"]
[Result "0-1"]
[WhiteElo "2288"]
[BlackElo "2379"]
[PlyCount "94"]
[EventDate "2005.11.??"]
[EventType "swiss"]
[EventRounds "13"]
[EventCountry "TUR"]
[Source "Reinhold Goldau"]
[SourceDate "2000.03.01"]

1. Nf3 Nf6 2. g3 b6 3. Bg2 Bb7 4. d4 e6 5. O-O Be7 6. c4 O-O 7. Nc3 Ne4 8. Qc2
Nxc3 9. bxc3 f5 10. d5 Na6 11. Nd4 Nc5 12. Rd1 Qc8 13. Rb1 g6 14. Bh6 Re8 15.
f3 e5 16. Nb3 Ba6 17. Nd2 Qd8 18. h4 Bf6 19. e4 f4 20. gxf4 Bxh4 21. fxe5 Bg5
22. Bxg5 Qxg5 23. Kf2 Rxe5 24. Rh1 Rf8 25. Rbe1 Qf4 26. Rh3 Rg5 27. Bf1 d6 28.
Bd3 Bc8 29. Rhh1 Bd7 30. Be2 Qxd2 31. Qxd2 Nxe4+ 32. Ke3 Nxd2 33. Kxd2 Rg2 34.
Reg1 Rxg1 35. Rxg1 Kf7 36. Bd3 Kf6 37. Ke3 Bf5 38. Be4 g5 39. Rh1 Kg6 40. a4 a5
41. Rg1 Bxe4 42. fxe4 h5 43. c5 bxc5 44. Kd3 h4 45. Kc4 h3 46. Kb5 h2 47. Rh1
Rh8 0-1

[Event "Jugend WM U20w"]
[Site "Istanbul"]
[Date "2005.11.11"]
[Round "3.4"]
[White "Gu, Xiaobing"]
[Black "Liu, Pei"]
[Result "1-0"]
[WhiteElo "2330"]
[BlackElo "2283"]
[PlyCount "55"]
[EventDate "2005.11.??"]
[EventType "swiss"]
[EventRounds "13"]
[EventCountry "TUR"]
[Source "Reinhold Goldau"]
[SourceDate "2000.03.01"]

1. e4 c6 2. d4 d5 3. exd5 cxd5 4. c4 Nf6 5. Nc3 Nc6 6. cxd5 Nxd5 7. Bb5 e6 8.
Nf3 Bb4 9. Qd3 O-O 10. O-O Be7 11. a3 a6 12. Ba4 b5 13. Bc2 f5 14. Bb3 Kh8 15.
Re1 Bf6 16. Nxd5 exd5 17. Bf4 Ra7 18. Be5 Bxe5 19. Nxe5 Na5 20. Rac1 Nxb3 21.
Qxb3 Re7 22. Qh3 Re6 23. Rc5 Kg8 24. Rec1 Bb7 25. Qc3 Re7 26. h3 Qb6 27. Rc7
Rfe8 28. Rxe7 1-0

[Event "Jugend WM U20w"]
[Site "Istanbul"]
[Date "2005.11.11"]
[Round "3.5"]
[White "Ciobanu, Camelia"]
[Black "Melia, Salome"]
[Result "1/2-1/2"]
[WhiteElo "2262"]
[BlackElo "2318"]
[PlyCount "75"]
[EventDate "2005.11.??"]
[EventType "swiss"]
[EventRounds "13"]
[EventCountry "TUR"]
[Source "Reinhold Goldau"]
[SourceDate "2000.03.01"]

1. b3 e5 2. Bb2 d6 3. e3 Nf6 4. d4 exd4 5. Qxd4 Nc6 6. Bb5 Bd7 7. Bxc6 Bxc6 8.
Nf3 Be7 9. Nc3 O-O 10. O-O-O Re8 11. e4 Bf8 12. Rhe1 Qd7 13. h3 Qe6 14. Nd2 b5
15. Re3 b4 16. Ne2 Bb5 17. Qxb4 Bxe2 18. Rxe2 d5 19. Qa5 dxe4 20. f3 Rad8 21.
fxe4 Nd5 22. Rf2 Nb4 23. a3 Nc6 24. Qc3 Nd4 25. Nf3 Qh6+ 26. Kb1 Nb5 27. Qe1
Rxd1+ 28. Qxd1 Nxa3+ 29. Ka2 Qa6 30. Qd3 Nc4+ 31. Kb1 Na3+ 32. Kc1 Qh6+ 33. Nd2
Qc6 34. Rf5 a6 35. c4 Bb4 36. Nb1 Bd6 37. Rd5 Qb7 38. Qc3 1/2-1/2

[Event "Jugend WM U20w"]
[Site "Istanbul"]
[Date "2005.11.11"]
[Round "3.6"]
[White "Khukhashvili, Sopiko"]
[Black "Paehtz, Elisabeth"]
[Result "1/2-1/2"]
[WhiteElo "2362"]
[BlackElo "2408"]
[PlyCount "43"]
[EventDate "2005.11.??"]
[EventType "swiss"]
[EventRounds "13"]
[EventCountry "TUR"]
[Source "Reinhold Goldau"]
[SourceDate "2000.03.01"]

1. e4 c5 2. Nf3 d6 3. d4 cxd4 4. Nxd4 Nf6 5. f3 e5 6. Bb5+ Nbd7 7. Nf5 d5 8.
exd5 a6 9. Ba4 b5 10. Bb3 Nb6 11. Ne3 Bc5 12. Nc3 Ra7 13. Qd3 Rd7 14. Ne4 Bxe3
15. Nxf6+ gxf6 16. Qxe3 Nxd5 17. Qe2 Rd6 18. O-O O-O 19. a4 Re8 20. axb5 Qb6+
21. Qf2 axb5 22. Rd1 1/2-1/2

[Event "Jugend WM U20w"]
[Site "Istanbul"]
[Date "2005.11.11"]
[Round "3.7"]
[White "Pogonina, Natalija"]
[Black "Zhang, Jilin"]
[Result "1-0"]
[WhiteElo "2401"]
[BlackElo "2334"]
[PlyCount "69"]
[EventDate "2005.11.??"]
[EventType "swiss"]
[EventRounds "13"]
[EventCountry "TUR"]
[Source "Reinhold Goldau"]
[SourceDate "2000.03.01"]

1. e4 c5 2. Nf3 d6 3. d4 cxd4 4. Nxd4 Nf6 5. Nc3 a6 6. Be2 e5 7. Nb3 Be7 8. Be3
Be6 9. O-O O-O 10. Qd2 Nbd7 11. a4 Qc7 12. a5 Rac8 13. Rfc1 h6 14. Nd5 Bxd5 15.
exd5 Ne4 16. Qd3 f5 17. f3 Nec5 18. Nxc5 Nxc5 19. Qd1 f4 20. Bf2 e4 21. fxe4
Nxe4 22. Bb6 Qb8 23. Bg4 Rce8 24. Ra4 Nc5 25. Raa1 Bh4 26. Qf1 Kh8 27. b4 Ne4
28. Qd3 Bf6 29. Rf1 Ng5 30. Rxf4 Be5 31. Rf5 g6 32. Rxf8+ Rxf8 33. Qxg6 Rf1+
34. Kxf1 Qf8+ 35. Bf5 1-0

[Event "Jugend WM U20w"]
[Site "Istanbul"]
[Date "2005.11.11"]
[Round "3.8"]
[White "Nebolsina, Vera"]
[Black "Harika, Dronavalli"]
[Result "1/2-1/2"]
[WhiteElo "2278"]
[BlackElo "2392"]
[PlyCount "39"]
[EventDate "2005.11.??"]
[EventType "swiss"]
[EventRounds "13"]
[EventCountry "TUR"]
[Source "Reinhold Goldau"]
[SourceDate "2000.03.01"]

1. e4 c5 2. Nf3 g6 3. d4 cxd4 4. Qxd4 Nf6 5. e5 Nc6 6. Qa4 Nd5 7. Qe4 Nc7 8.
Nc3 Bg7 9. Bf4 O-O 10. O-O-O b5 11. h4 b4 12. Nd5 Bb7 13. Nxc7 Qxc7 14. e6 f5
15. Qc4 d6 16. h5 b3 17. axb3 Qa5 18. Qa4 Rac8 19. hxg6 Nb4 20. gxh7+ 1/2-1/2

[Event "Jugend WM U20w"]
[Site "Istanbul"]
[Date "2005.11.11"]
[Round "3.9"]
[White "Kadziolka, Beata"]
[Black "Vasilevich, Irina"]
[Result "1-0"]
[WhiteElo "2352"]
[BlackElo "2389"]
[PlyCount "81"]
[EventDate "2005.11.??"]
[EventType "swiss"]
[EventRounds "13"]
[EventCountry "TUR"]
[Source "Reinhold Goldau"]
[SourceDate "2000.03.01"]

1. e4 c5 2. Nf3 e6 3. d4 cxd4 4. Nxd4 Nc6 5. Nxc6 bxc6 6. Bd3 d5 7. Nc3 Nf6 8.
O-O Be7 9. b3 O-O 10. Bb2 Bb7 11. Qe2 Qc7 12. Rae1 a5 13. Kh1 Rfe8 14. f4 d4
15. Nb1 c5 16. Nd2 a4 17. Nc4 axb3 18. axb3 Ra2 19. e5 Nd5 20. f5 Bf8 21. fxe6
Rxe6 22. Bf5 Raa6 23. Bxe6 Rxe6 24. Rf2 Rg6 25. Ref1 f6 26. exf6 gxf6 27. Qe6+
Kg7 28. Bc1 Be7 29. Bd2 Qd8 30. Ne5 Qe8 31. Nxg6 hxg6 32. Re1 Qd8 33. c4 dxc3
34. Bxc3 Bc8 35. Qe2 Kf7 36. Bb2 Bb7 37. Qe6+ Kf8 38. Rd2 Qb6 39. Qxb6 Nxb6 40.
Bxf6 Bxf6 41. Re6 1-0

[Event "Jugend WM U20w"]
[Site "Istanbul"]
[Date "2005.11.11"]
[Round "3.11"]
[White "Guseva, Marina"]
[Black "Aketaeva, Dana"]
[Result "1/2-1/2"]
[WhiteElo "2363"]
[BlackElo "2256"]
[PlyCount "64"]
[EventDate "2005.11.??"]
[EventType "swiss"]
[EventRounds "13"]
[EventCountry "TUR"]
[Source "Reinhold Goldau"]
[SourceDate "2000.03.01"]

1. d4 Nf6 2. Nf3 e6 3. c4 b6 4. g3 Bb7 5. Bg2 Be7 6. O-O O-O 7. b3 d5 8. Bb2
Ne4 9. Nbd2 Nd7 10. cxd5 exd5 11. Ne5 c5 12. Nxd7 Qxd7 13. dxc5 Nxd2 14. c6
Qxc6 15. Qxd2 Rfe8 16. e3 Rad8 17. Rfd1 Qe6 18. Rac1 Rd7 19. Qe2 Red8 20. Qf1
f5 21. Qe1 Ba6 22. Qd2 Bg5 23. Bd4 Be7 24. Qb2 Bf8 25. Qc2 Bb7 26. b4 Bd6 27.
Qb3 Bb8 28. b5 h6 29. a4 Be5 30. Bxe5 Qxe5 31. Rd4 Kh8 32. Qd3 Rf7 1/2-1/2

[Event "Jugend WM U20w"]
[Site "Istanbul"]
[Date "2005.11.11"]
[Round "3.14"]
[White "Gregorova, Zuzana"]
[Black "Karavade, Eesha"]
[Result "1/2-1/2"]
[WhiteElo "2183"]
[BlackElo "2348"]
[PlyCount "111"]
[EventDate "2005.11.??"]
[EventType "swiss"]
[EventRounds "13"]
[EventCountry "TUR"]
[Source "Reinhold Goldau"]
[SourceDate "2000.03.01"]

1. e4 c5 2. f4 d6 3. Nf3 Nc6 4. g3 g6 5. Bg2 Bg7 6. d3 e6 7. O-O Nge7 8. c3 O-O
9. Be3 b6 10. Bf2 Bb7 11. d4 cxd4 12. cxd4 d5 13. e5 Rc8 14. Nc3 Qd7 15. Re1
Na5 16. Rc1 Ba6 17. h4 Rc7 18. Bf1 Bxf1 19. Rxf1 Rfc8 20. Nd2 Nc4 21. Nxc4 Rxc4
22. h5 b5 23. hxg6 hxg6 24. Qd2 Nf5 25. Kg2 Nh6 26. b3 R4c7 27. Ne2 Bf8 28.
Rxc7 Rxc7 29. Rc1 Ba3 30. Rc3 Qc8 31. Qc2 Rxc3 32. Qxc3 Qxc3 33. Nxc3 a6 34.
Kf3 Nf5 35. Ke2 Kg7 36. Kd3 Kf8 37. Nb1 Be7 38. a4 bxa4 39. bxa4 Bb4 40. Nc3
Ke7 41. Na2 Ba5 42. Kc2 Kd7 43. Kb3 Kc6 44. Nc1 Bd2 45. Nd3 Be3 46. Bxe3 Nxe3
47. Nc1 Nf5 48. Ne2 Kb6 49. Kb4 Ne7 50. Kb3 Ka5 51. Ka3 Nf5 52. Kb3 Ne3 53. Ka3
Nc4+ 54. Kb3 Ne3 55. Ka3 Nc4+ 56. Kb3 1/2-1/2

[Event "Jugend WM U20w"]
[Site "Istanbul"]
[Date "2005.11.11"]
[Round "3.15"]
[White "Purtseladze, Maka"]
[Black "Gutierrez Castillo, Paloma"]
[Result "1-0"]
[WhiteElo "2338"]
[BlackElo "2127"]
[PlyCount "43"]
[EventDate "2005.11.??"]
[EventType "swiss"]
[EventRounds "13"]
[EventCountry "TUR"]
[Source "Reinhold Goldau"]
[SourceDate "2000.03.01"]

1. d4 d5 2. c4 e6 3. Nc3 c6 4. e4 dxe4 5. Nxe4 Bb4+ 6. Bd2 Qxd4 7. Bxb4 Qxe4+
8. Be2 Na6 9. Bc3 f6 10. Qd6 Ne7 11. Rd1 Kf7 12. Nf3 c5 13. Qd2 Nc6 14. O-O Rd8
15. Ng5+ fxg5 16. Qxg5 Qxe2 17. Qxg7+ Ke8 18. Qg8+ Ke7 19. Qxh7+ Kf8 20. Qg7+
Ke8 21. Qg6+ Kf8 22. Bg7+ 1-0

[Event "Jugend WM U20w"]
[Site "Istanbul"]
[Date "2005.11.11"]
[Round "3.16"]
[White "Raghavi, N."]
[Black "Szczepkowska, Karina"]
[Result "1-0"]
[WhiteElo "2104"]
[BlackElo "2278"]
[PlyCount "131"]
[EventDate "2005.11.??"]
[EventType "swiss"]
[EventRounds "13"]
[EventCountry "TUR"]
[Source "Reinhold Goldau"]
[SourceDate "2000.03.01"]

1. e4 d6 2. d4 Nf6 3. Nc3 Nc6 4. d5 Nb8 5. f4 c6 6. dxc6 Nxc6 7. Nf3 g6 8. Bc4
Bg7 9. O-O O-O 10. Kh1 Bg4 11. Be3 Rc8 12. Bb3 a6 13. h3 Bd7 14. Qe1 b5 15. e5
dxe5 16. fxe5 Nh5 17. Nd5 Rb8 18. Bc5 Be6 19. Rd1 Bxd5 20. Bxd5 Qc7 21. Bxc6
Qxc6 22. Bxe7 Rfe8 23. Bd6 Rbd8 24. Qf2 f6 25. exf6 Nxf6 26. Ne5 Qb7 27. Qg3
Nd5 28. Ng4 h5 29. Nh6+ Bxh6 30. Qxg6+ Bg7 31. Rf3 Ne3 32. Re1 Qd5 33. Bc7 Qd2
34. Rexe3 Rxe3 35. Rxe3 Qxe3 36. Bxd8 Qe1+ 37. Kh2 Qe5+ 38. Qg3 Qd4 39. Ba5 h4
40. Qb8+ Bf8 41. c3 Qd6+ 42. Qxd6 Bxd6+ 43. Kg1 Kf7 44. Kf2 Ke6 45. Kf3 Kf5 46.
Bd8 Bg3 47. Be7 Be1 48. Bd6 Bd2 49. g3 hxg3 50. Bxg3 a5 51. Bd6 Be1 52. Ke2 Bh4
53. Kd3 Ke6 54. Bf4 Kd5 55. a4 bxa4 56. Bc7 a3 57. bxa3 a4 58. c4+ Kc6 59. Ba5
Kd6 60. Ke4 Kc5 61. Kd3 Kd6 62. Bc3 Kc6 63. Bb4 Kd7 64. Ke4 Ke6 65. c5 Be7 66.
Kd4 1-0

[Event "Jugend WM U20w"]
[Site "Istanbul"]
[Date "2005.11.11"]
[Round "3.17"]
[White "Pourkashiyan, Atousa"]
[Black "Topel, Zehra"]
[Result "1-0"]
[WhiteElo "2271"]
[BlackElo "2105"]
[PlyCount "63"]
[EventDate "2005.11.??"]
[EventType "swiss"]
[EventRounds "13"]
[EventCountry "TUR"]
[Source "Reinhold Goldau"]
[SourceDate "2000.03.01"]

1. e4 c5 2. Nf3 d6 3. d4 cxd4 4. Nxd4 Nf6 5. Nc3 Nc6 6. Be2 e5 7. Nf3 h6 8. O-O
Be7 9. Re1 O-O 10. h3 Be6 11. Bf1 Nb8 12. Nd5 Nxd5 13. exd5 Bf5 14. c4 Nd7 15.
Be3 Qc8 16. b4 Re8 17. Rc1 a5 18. c5 dxc5 19. bxc5 Bxc5 20. Bxc5 Nxc5 21. Bb5
Rd8 22. Nxe5 Qc7 23. Qh5 g6 24. Qf3 Qb6 25. a4 Rf8 26. g4 Bc8 27. Qe3 Nxa4 28.
Bxa4 Qxe3 29. Rxe3 b6 30. d6 Be6 31. d7 Rfd8 32. Rc7 1-0

[Event "Jugend WM U20w"]
[Site "Istanbul"]
[Date "2005.11.11"]
[Round "3.18"]
[White "Plazaola, Maria De Los Angele"]
[Black "Andriasian, Siranush"]
[Result "1/2-1/2"]
[WhiteElo "2087"]
[BlackElo "2263"]
[PlyCount "125"]
[EventDate "2005.11.??"]
[EventType "swiss"]
[EventRounds "13"]
[EventCountry "TUR"]
[Source "Reinhold Goldau"]
[SourceDate "2000.03.01"]

1. e4 c5 2. Nf3 d6 3. d4 cxd4 4. Nxd4 Nf6 5. Nc3 a6 6. Bc4 e6 7. O-O Be7 8. a4
Qc7 9. Bb3 b6 10. f4 O-O 11. g4 Bb7 12. Qf3 Nc6 13. Nde2 d5 14. Be3 Nxe4 15.
Nxe4 dxe4 16. Qf2 Nb4 17. Bxb6 Qc6 18. Ng3 e3 19. Bxe3 Bf6 20. Bc5 Rac8 21. Be3
Bxb2 22. Rab1 Bc3 23. Rfd1 Rfd8 24. Kf1 a5 25. h3 Nd5 26. Bc1 Nf6 27. Be3 Ne4
28. Qh2 Nxg3+ 29. Qxg3 Qh1+ 30. Bg1 Ba6+ 31. Kf2 Qc6 32. Qf3 Qc7 33. Kg3 Bb7
34. Qe3 Qc6 35. Qe2 Bb4 36. Be3 Qe4 37. Rd3 Bd6 38. Qf2 Ba6 39. Rd4 Qc6 40.
Rbd1 Be7 41. Qd2 Rxd4 42. Bxd4 Bb7 43. Qf2 Rd8 44. c3 Bd6 45. Be5 Bc7 46. Bxc7
Qxc7 47. Rxd8+ Qxd8 48. Qd4 Qc7 49. Bd1 g5 50. c4 Kf8 51. Bf3 Qxf4+ 52. Qxf4
gxf4+ 53. Kxf4 e5+ 54. Ke3 Bxf3 55. Kxf3 f6 56. h4 h6 57. Ke4 Ke7 58. g5 fxg5
59. hxg5 hxg5 60. Kxe5 Kd7 61. Kf5 Kd6 62. Kxg5 Kc5 63. Kf4 1/2-1/2

[Event "Jugend WM U20w"]
[Site "Istanbul"]
[Date "2005.11.11"]
[Round "3.19"]
[White "Paridar, Shadi"]
[Black "Ursic, Simona"]
[Result "1-0"]
[WhiteElo "2237"]
[BlackElo "2040"]
[PlyCount "137"]
[EventDate "2005.11.??"]
[EventType "swiss"]
[EventRounds "13"]
[EventCountry "TUR"]
[Source "Reinhold Goldau"]
[SourceDate "2000.03.01"]

1. e4 e5 2. Nf3 Nc6 3. Bb5 a6 4. Ba4 Nf6 5. O-O Be7 6. Re1 b5 7. Bb3 d6 8. c3
O-O 9. h3 Na5 10. Bc2 c5 11. d4 Qc7 12. Nbd2 cxd4 13. cxd4 Nc6 14. d5 Nb4 15.
Bb1 a5 16. Nf1 Bd7 17. a3 Na6 18. Ng3 g6 19. Bg5 Kg7 20. Qd2 Rfc8 21. Nh4 Ng8
22. Bxe7 Nxe7 23. f4 f6 24. fxe5 fxe5 25. Qg5 Ng8 26. Rf1 Rf8 27. Ba2 b4 28.
Rac1 Nc5 29. Kh2 Kh8 30. Nf3 Bb5 31. Bc4 Bxc4 32. Rxc4 bxa3 33. bxa3 Rae8 34.
Rfc1 Nf6 35. Qe3 Qf7 36. Nd2 Rb8 37. Qg5 Qe7 38. Qe3 Rb2 39. R4c2 Rb7 40. Nc4
Rb3 41. Rc3 Rxc3 42. Rxc3 Na4 43. Rc1 Qd8 44. Nd2 Nc5 45. Nc4 Na4 46. Qe1 Nc5
47. Rb1 a4 48. Rb6 Ne8 49. Qe3 Nd7 50. Rb4 Qh4 51. Nd2 Nef6 52. Kg1 Nc5 53. Rb6
Ne8 54. Rb8 Qf6 55. Nf3 Nc7 56. Rb6 Ne8 57. Ne2 Ng7 58. Ng3 Ne8 59. Qg5 Qxg5
60. Nxg5 h6 61. Ne6 Nxe6 62. dxe6 Rf6 63. e7 Rf7 64. Rb7 Kg7 65. Ne2 Kf6 66.
Nc3 Ke6 67. Nd5 g5 68. Rb8 Kd7 69. Rd8+ 1-0

[Event "Jugend WM U20w"]
[Site "Istanbul"]
[Date "2005.11.11"]
[Round "3.20"]
[White "Brekke, Jorunn Marie"]
[Black "Nadig, Kruttika"]
[Result "0-1"]
[WhiteElo "1972"]
[BlackElo "2224"]
[PlyCount "96"]
[EventDate "2005.11.??"]
[EventType "swiss"]
[EventRounds "13"]
[EventCountry "TUR"]
[Source "Reinhold Goldau"]
[SourceDate "2000.03.01"]

1. Nf3 Nf6 2. g3 g6 3. Bg2 Bg7 4. O-O O-O 5. c4 d5 6. cxd5 Nxd5 7. Nc3 Nb6 8.
d4 Nc6 9. d5 Na5 10. Qd3 c6 11. Rd1 cxd5 12. Nxd5 Nxd5 13. Qxd5 Be6 14. Qxd8
Rfxd8 15. Bd2 Nc4 16. Bb4 Rxd1+ 17. Rxd1 Nxb2 18. Rc1 Bxa2 19. Rc7 Bd5 20. Bxe7
a5 21. Ng5 Bxg2 22. Kxg2 h6 23. Ne4 b5 24. Bc5 Nc4 25. Rb7 a4 26. Rxb5 a3 27.
Bxa3 Nxa3 28. Rb7 Nc4 29. Rc7 Ne5 30. f4 Ng4 31. h3 Nf6 32. Nd6 Ne8 33. Rd7
Nxd6 34. Rxd6 Ra2 35. Kf3 Ra3+ 36. e3 Bf8 37. Rd8 Kg7 38. Rd5 Rc3 39. g4 Rc1
40. Kg2 Be7 41. Rd2 Bb4 42. Rb2 Bc3 43. Rb3 Rc2+ 44. Kf1 Ba5 45. Ra3 Bb6 46.
Rb3 Bc5 47. e4 Rf2+ 48. Ke1 Rxf4 0-1

[Event "Jugend WM U20w"]
[Site "Istanbul"]
[Date "2005.11.11"]
[Round "3.23"]
[White "Meshcheriakova, Evgenia"]
[Black "Tilenbaeva, Janyl"]
[Result "1-0"]
[WhiteElo "2197"]
[BlackElo "2019"]
[PlyCount "73"]
[EventDate "2005.11.??"]
[EventType "swiss"]
[EventRounds "13"]
[EventCountry "TUR"]
[Source "Reinhold Goldau"]
[SourceDate "2000.03.01"]

1. e4 c6 2. c4 d5 3. cxd5 cxd5 4. exd5 Nf6 5. Nc3 g6 6. Bc4 Bg7 7. Nf3 O-O 8.
O-O a6 9. a4 Nbd7 10. d3 b6 11. Bf4 Nh5 12. Be3 Bb7 13. h3 Nhf6 14. Qb3 Rc8 15.
Rac1 Nc5 16. Qa2 Qd6 17. b4 Ncd7 18. Qb3 Ne8 19. Ne4 Qb8 20. b5 a5 21. Nd4 Bxd4
22. Bxd4 Nd6 23. Rfe1 Rce8 24. Qb2 Qa8 25. Bg7 Bxd5 26. Bxf8 Rxf8 27. Qd4 Nxc4
28. dxc4 Bxe4 29. Rxe4 Nc5 30. Rxe7 Nxa4 31. Rce1 Nc5 32. h4 a4 33. h5 Qd8 34.
Qf6 Qd2 35. hxg6 hxg6 36. R1e3 Qc1+ 37. Kh2 1-0

[Event "Jugend WM U20w"]
[Site "Istanbul"]
[Date "2005.11.11"]
[Round "3.24"]
[White "Bashkite, Viktoria"]
[Black "Xu, Ruoyin"]
[Result "1-0"]
[WhiteElo "2173"]
[BlackElo "2079"]
[PlyCount "79"]
[EventDate "2005.11.??"]
[EventType "swiss"]
[EventRounds "13"]
[EventCountry "TUR"]
[Source "Reinhold Goldau"]
[SourceDate "2000.03.01"]

1. e4 e5 2. Nf3 Nf6 3. Nxe5 d6 4. Nf3 Nxe4 5. d4 d5 6. Bd3 Bd6 7. O-O O-O 8. c4
c6 9. Nc3 Nxc3 10. bxc3 dxc4 11. Bxc4 Bg4 12. Qd3 Nd7 13. Bg5 Qc7 14. h3 Bh5
15. Nh4 Nb6 16. Bb3 Nd5 17. c4 Nf4 18. Bxf4 Bxf4 19. g3 Bg5 20. Bc2 Bg6 21.
Nxg6 fxg6 22. h4 Bh6 23. Rae1 Rf6 24. Re5 Raf8 25. f4 Qd8 26. Qe4 Qd7 27. Kg2
Rd6 28. d5 cxd5 29. Rxd5 Rxd5 30. Qxd5+ Qf7 31. Re1 Rc8 32. Bb3 Qxd5+ 33. cxd5
Kf8 34. d6 Rd8 35. Re6 b6 36. Kf3 b5 37. Bd5 a5 38. Ke4 b4 39. Bc6 Rb8 40. d7
1-0